banner-ar

زخارف العمارة الاسلامية فى دمشق : (Record no. 65229)

MARC details
000 -الفاتح
حقل البيانات ثابتة الطول 00822nam a2200217Ia 4500
005 - وقت وتاريخ اخر تعامل مع التسجيلة
رقم الضبط 20240530110814.0
008 - عناصر البيانات ثابتة الطول - معلومات عامة
حقل البيانات ثابتة الطول 140319s1996 au a f b 000 0 ara d
017 ## - رقم الايداع القانونى
رقم الايداع القانونى 1996/12/1770
المصدر ( الهيئة المختصة) مصر. دار الكتب
040 ## - مصدر الفهرسة
وكالة الفهرسة الأصلية GCL /
وكالة النسخ GCL
082 04 - رقم تصنيف ديوى العشرى
رقم الطبعة 21
رقم التصنيف 723.3 /
رقم المادة ق ز
100 0# - المدخل الرئيسى - إسم شخصى
الإسم الشخصى قتيبة الشهابى
245 10 - بيان العنوان
العنوان زخارف العمارة الاسلامية فى دمشق :
بقية العنوان بحث ميدانى بعدسة المؤلف /
بيان المسئوليه,etc قتيبة الشهابى
250 ## - بيان الطبعة
بيان الطبعة ط.1
260 ## - PUBLICATION, DISTRIBUTION, ETC. (IMPRINT)
تاريخ النشر أو التوزيع 1996 .
300 ## - الوصف المادى
التعداد 389 ص. :
تفاصيل ماديه اخرى للوعاء ايض. ؛
أبعاد الوعاء 28 سم.
650 07 - المدخل الاضافى بالموضوع-مصطلح موضوعى
مصطلح موضوعي العمارة الاسلامية
مصدر الرأس أو المصطلح qrmak
التقسيم الفرعي الجغرافي دمشق
650 07 - المدخل الاضافى بالموضوع-مصطلح موضوعى
مصطلح موضوعي الزخارف الاسلامية
مصدر الرأس أو المصطلح qrmak
التقسيم الفرعي الجغرافي دمشق
651 ## - المدخل الاضافى بالموضوع - اسم جغرافى
مصدر الرأس أو المصطلح qrmak
942 ## - عناصر المدخل الإضافي( كوها)
مصدر التصنيف او مخطط الترفيف Dewey Decimal Classification
Koha [default] item type كتاب
260 ## - PUBLICATION, DISTRIBUTION, ETC. (IMPRINT)
-- دمشق :
-- وزارة الثقاقة،
Holdings
حالة التراجع حالة الفقد حالة تلف ليس للاعارة المكان المؤقت الموقع الحالى موقع الترفيف تاريخ الاكتساب اجمالي اﻻعارات رقم الطلب الباركود تاريخ اخر مشاهدة تاريخ تفعيل السعر نوع وعاء كوها
        مكتبة القاهرة الكبرى مكتبة القاهرة الكبرى   05/16/2019   723.3 / ق ز 165924 05/16/2019 05/16/2019 كتاب

Powered By

EGPV